000 00417nam a2200181Ia 4500
001 10549
005 20260306161840.0
008 260306t1983||||xx |||||||||||||| ||spa||
041 _aESP
082 _a940.232
_bC89
100 _aBossy, John
_eAUT
245 0 _aCrisis en Europa 1560-1660
260 _c1983
300 _a389 páginas :
_c20 cm.
650 _aGEN
654 _aCHU
942 _cLIB
_dJUS
_fJUS
_2ddc
_n
999 _c10549
_d10549